Gestión de riesgos de inundación en el puente sobre el río Tempisque
Guardat en:
| Autor principal: | |
|---|---|
| Altres autors: | |
| Format: | Llibre |
| Publicat: |
[San José, Costa Rica]
2004
|
| Matèries: | |
| Etiquetes: |
Afegir etiqueta
Sense etiquetes, Sigues el primer a etiquetar aquest registre!
|
MARC
| LEADER | 00000nam a2200000Ia 4500 | ||
|---|---|---|---|
| 003 | 009260 | ||
| 005 | 20240521153632.0 | ||
| 008 | 140114s2003 cr a m 000 ||s d | ||
| 040 | |c cru CEDI | ||
| 090 | |a TFG 4800 | ||
| 100 | |a Pozuelo Kelley, Juan José, 1979- |9 3074 | ||
| 245 | |a Gestión de riesgos de inundación en el puente sobre el río Tempisque | ||
| 260 | |a [San José, Costa Rica] |c 2004 | ||
| 300 | |a viii, 129, [30] hojas : ilustraciones, mapas color | ||
| 500 | |a Proyecto de graduación (licenciatura en ingeniería civil)--Universidad de Costa Rica. Escuela de Ingeniería Civil | ||
| 501 | |a Director del Proyecto de Graduación: Ing. Rafael Oreamuno Vega, M.S.C. | ||
| 650 | |x SOCAVACION EN PUENTES |x RIO TEMPISQUE (COSTA RICA) |x PUENTES |x DISEÑO DE ESTRUCTURAS |x CONTROL DE INUNDACIONES |x SEDIMENTOS DE RIO |9 6673 | ||
| 700 | |a Oreamuno Vega, Rafael Alfredo, 1956- |d Director del TFG |9 158 | ||
| 942 | |c TFG |h TFG 4800 |i 009260 |6 TFG_4800_009260000000000 | ||
| 999 | |c 17633 |d 17633 | ||
